000 00309nam a2200145Ia 4500
008 230605s9999 xx 000 0 und d
041 _aeng
245 _aStrategic Management
260 _bZerox Copy
300 _a290
365 _b460
_h20
500 _a260
520 _aGeneral
650 _aSTRATEGIC
999 _c418962
_d418962